Paix et Sčurit ̌Internationales

Detalles Bibliográficos
Formato: eBook
Publicado: Cd̀iz: Universidad de Cd̀iz, 2013 -
Materias:
Acceso en línea:Acceso restringido

MARC

LEADER 00000nam a22000007a 4500
005 20200421165631.0
007 cr|||| ||||
008 200421c20139999es ar|w s|||| 0|||b1fra d
035 |a 31336 
040 |a vLex 
090 |c 10316  |d 10316 
245 0 0 |a Paix et Sčurit ̌Internationales  |h [Recurso electrn̤ico] / 
256 |a Servicio en ln̕ea 
260 |a Cd̀iz:  |b Universidad de Cd̀iz,  |c 2013 - 
300 |a 1 recurso electrn̤ico 
310 |a Anual 
362 |a Nð 1 (Ene. 2013) - 
506 1 |a Disponible solo en los productos indicados  |d vLex Global  |d vLex Global (Academic Edition, excluding Law Schools)  |d vLex Global (U.S. Academic Edition, Law Schools)  |d vLex Global (U.S. Academic Edition, excluding Law Schools)  |d vLex Global (Academic Edition, Law Schools) 
650 0 4 |a Derecho Internacional  |z Espaą 
740 0 |a vLex Revistas (Servicio en ln̕ea) 
856 4 0 |u http://vlex.com/source/paix-securite-internationales-31336  |z Acceso restringido 
942 |c REV 
999 0 |a International right